[Event "48th Groningen Open A"]
[Site "Groningen NED"]
[Date "2011.12.28"]
[Round "7.6"]
[White "Durarbeyli, Vasif"]
[Black "Naroditsky, Daniel"]
[Result "1/2-1/2"]
[WhiteTitle "GM"]
[BlackTitle "IM"]
[WhiteElo "2539"]
[BlackElo "2472"]
[WhiteFideId "13402935"]
[BlackFideId "2026961"]
[EventDate "2011.12.21"]

1. Nf3 Nf6 2. b3 g6 3. Bb2 Bg7 4. g3 O-O 5. Bg2 d5 6. c4 c6 7. O-O Bg4 8. d3
Bxf3 9. Bxf3 Re8 10. Bg2 e5 11. Na3 a5 12. cxd5 Nxd5 13. Nc4 Nd7 14. Qd2 Bf8 15.
Ba3 Bxa3 16. Nxa3 Qe7 17. Nc4 a4 18. Rab1 axb3 19. axb3 N7f6 20. Rb2 Qb4 21. Qc2
Nd7 22. Rc1 Nf8 23. h4 h5 24. Nd2 Ne6 25. e3 Ra5 26. Nc4 Rc5 27. Qd1 b5 28. Rcc2
Rd8 29. Nd2 Rxc2 30. Qxc2 Qc3 31. Bxd5 Qxc2 32. Rxc2 Rxd5 33. Nf3 c5 34. Ne1 e4
35. dxe4 Rd1 36. Kf1 Rb1 37. Rc3 b4 38. Rd3 c4 39. bxc4 Nc5 40. Rd8+ Kg7 41. e5
b3 42. Ke2 b2 43. Rb8 1/2-1/2

[Event "48th Groningen Open A"]
[Site "Groningen NED"]
[Date "2011.12.28"]
[Round "7.7"]
[White "Michiels, Bart"]
[Black "Hoffmann, Michael1"]
[Result "1/2-1/2"]
[WhiteTitle "IM"]
[BlackTitle "GM"]
[WhiteElo "2492"]
[BlackElo "2499"]
[WhiteFideId "202967"]
[BlackFideId "4601297"]
[EventDate "2011.12.21"]

1. d4 Nf6 2. c4 e6 3. Nc3 Bb4 4. Qc2 O-O 5. a3 Bxc3+ 6. Qxc3 d5 7. Nf3 dxc4 8.
Qxc4 b6 9. g3 Bb7 10. Bg2 Nbd7 11. O-O c5 12. Bf4 Bd5 13. Qc3 Bb7 14. Qc4 Bd5
15. Qc3 Bb7 16. Qd3 Be4 17. Qd2 c4 18. Ne5 Bxg2 19. Kxg2 b5 20. Rad1 Nd5 21. e4
Nxf4+ 22. Qxf4 Nxe5 23. Qxe5 Rb8 1/2-1/2

[Event "48th Groningen Open A"]
[Site "Groningen NED"]
[Date "2011.12.28"]
[Round "7.9"]
[White "Michalik, Peter"]
[Black "Kuipers, Stefan"]
[Result "1-0"]
[WhiteTitle "GM"]
[BlackTitle "FM"]
[WhiteElo "2509"]
[BlackElo "2396"]
[WhiteFideId "14907526"]
[BlackFideId "1018400"]
[EventDate "2011.12.21"]

1. e4 e6 2. d4 d5 3. Nd2 Nf6 4. e5 Nfd7 5. Bd3 c5 6. c3 Nc6 7. Ne2 cxd4 8. cxd4
f6 9. Nf4 Nxd4 10. Qh5+ Ke7 11. exf6+ Nxf6 12. Ng6+ hxg6 13. Qxh8 Kf7 14. Qh4 e5
15. Nf3 Nxf3+ 16. gxf3 Bf5 17. Bxf5 gxf5 18. Bg5 Rc8 19. O-O Be7 20. Rfe1 Qd6
21. Qg3 e4 22. fxe4 fxe4 23. Rac1 Rc6 24. Qxd6 Bxd6 25. Rxc6 bxc6 26. f3 exf3
27. Bxf6 Kxf6 28. Kf2 Bxh2 29. Rc1 Be5 30. b4 Kf5 31. Kxf3 g5 32. Rxc6 d4 33.
Ra6 g4+ 34. Ke2 Ke4 35. Rxa7 d3+ 36. Kd1 g3 37. Ra8 Kd4 38. b5 Kc5 39. Rg8 Bc7
40. a4 Kb4 41. Rg4+ 1-0

[Event "48th Groningen Open A"]
[Site "Groningen NED"]
[Date "2011.12.28"]
[Round "7.12"]
[White "Galoyan, Levon"]
[Black "Klein, David"]
[Result "1/2-1/2"]
[WhiteTitle "FM"]
[BlackTitle "FM"]
[WhiteElo "2231"]
[BlackElo "2378"]
[WhiteFideId "13302027"]
[BlackFideId "1003623"]
[EventDate "2011.12.21"]

1. d4 Nf6 2. c4 e6 3. Nc3 c5 4. Nf3 cxd4 5. Nxd4 a6 6. e4 Qc7 7. Be2 Bb4 8. f3
O-O 9. O-O Nc6 10. Nc2 Be7 11. b3 b5 12. Bb2 bxc4 13. Bxc4 Ne5 14. Be2 Ng6 15.
g3 Bb7 16. Nd4 Rad8 17. Rc1 Qb8 18. Kg2 h5 19. Bd3 Qa8 20. Qe2 Bd6 21. Nd1 h4
22. Qe3 Rfe8 23. Nf2 Qb8 24. Ne2 e5 25. Bc4 Be7 26. Rfd1 d5 27. Bd3 Qa8 28. Bb1
Nh7 29. Rc7 Bg5 30. Qb6 Rb8 31. Qc5 Nf6 32. Nc3 d4 33. Na4 Nf8 34. Nb6 Qa7 35.
Nd7 Qxc5 36. Nxc5 Ne6 37. Nxe6 Rxe6 38. Bc1 Bxc1 39. Rdxc1 Ne8 40. R7c5 hxg3 41.
hxg3 Nd6 42. Bd3 Ree8 43. Ra5 Re7 44. b4 Ra8 45. Rcc5 f6 46. Ra3 Kf7 47. Rca5
Rb8 48. Bxa6 Bxa6 49. Rxa6 Nc4 50. Rb3 Ne3+ 51. Kg1 Rc7 52. Rb1 Rc2 53. Ra3 Rbc8
54. b5 Re2 55. b6 Rcc2 56. Ng4 Rg2+ 57. Kh1 Nxg4 58. fxg4 Rh2+ 59. Kg1 Rcg2+ 60.
Kf1 Rf2+ 61. Kg1 Rfg2+ 62. Kf1 Rf2+ 63. Kg1 Rfg2+ 64. Kf1 Rc2 65. Kg1 Rhg2+ 66.
Kh1 Rh2+ 67. Kg1 Rcg2+ 1/2-1/2

[Event "48th Groningen Open A"]
[Site "Groningen NED"]
[Date "2011.12.28"]
[Round "7.13"]
[White "De Jong, Migchiel"]
[Black "Clemens, Adrian"]
[Result "1/2-1/2"]
[WhiteTitle "IM"]
[BlackTitle "FM"]
[WhiteElo "2367"]
[BlackElo "2226"]
[WhiteFideId "1002848"]
[BlackFideId "1006487"]
[EventDate "2011.12.21"]

1. e4 c6 2. d4 d5 3. Nd2 dxe4 4. Nxe4 Bf5 5. Ng3 Bg6 6. Nh3 e6 7. Nf4 Bd6 8. c3
Nf6 9. h4 Bxf4 10. Bxf4 h6 11. h5 Bh7 12. Qb3 Nd5 13. Bd2 Qb6 14. Be2 O-O 15. c4
Qxb3 16. axb3 Nf6 17. O-O Rd8 18. Be3 Na6 19. Ra4 Nc7 20. Rfa1 a6 21. Ra5 Rac8
22. Nf1 Nce8 23. g4 Nd6 24. f3 Nfe8 25. Ng3 Nc7 26. Kf2 Bc2 27. Rc1 Bh7 28. b4
f6 29. Bf1 Nf7 30. f4 Nd6 31. g5 hxg5 32. fxg5 fxg5 33. Rxg5 Rf8+ 34. Kg1 Nf5
35. Nxf5 Rxf5 36. Rxf5 Bxf5 37. Be2 Ne8 38. Kf2 Nf6 39. Rg1 Kf7 40. Bf4 Rh8 41.
Be5 Rh7 42. Ke3 Nd7 43. Bf3 Nxe5 44. dxe5 g6 45. Rh1 gxh5 46. Rxh5 Rxh5 47.
Bxh5+ Ke7 48. Bf3 Kd7 49. b5 axb5 50. cxb5 Kc7 51. Kf4 cxb5 52. b4 Bd3 53. Kg5
b6 54. Kf6 Kd7 55. Kf7 Bc4 56. Be4 Bb3 57. Kf8 Ba2 58. Bf3 Bb3 59. Be2 Bc4 60.
Bh5 Kd8 61. Be8 Be2 62. Bc6 Kc7 63. Be4 Kd7 64. Kf7 Bf1 65. Kf6 1/2-1/2

[Event "48th Groningen Open A"]
[Site "Groningen NED"]
[Date "2011.12.28"]
[Round "7.14"]
[White "Cako, Laszlo"]
[Black "Van Assendelft, Floris"]
[Result "0-1"]
[BlackTitle "FM"]
[WhiteElo "2111"]
[BlackElo "2357"]
[WhiteFideId "1008153"]
[BlackFideId "1010271"]
[EventDate "2011.12.21"]

1. e4 c5 2. Nf3 Nc6 3. d4 cxd4 4. Nxd4 e5 5. Nb5 a6 6. Nd6+ Bxd6 7. Qxd6 Qf6 8.
Qxf6 Nxf6 9. Bd3 d5 10. exd5 Nxd5 11. c3 Be6 12. Nd2 O-O-O 13. Bc4 Na5 14. O-O
Nxc4 15. Nxc4 f6 16. Ne3 Nf4 17. Re1 Nd3 18. Rd1 Nxc1 19. Rdxc1 Rd2 20. b3 Rhd8
21. Rd1 a5 22. Kf1 a4 23. Rxd2 Rxd2 24. bxa4 Rxa2 25. Rxa2 Bxa2 26. Nf5 g6 27.
Nd6+ Kd7 28. Ne4 Ke7 29. g3 Bd5 30. Nd2 Kd6 31. Ke2 Bc6 32. a5 Kc5 33. Kd3 Kb5
34. f4 exf4 35. gxf4 Kxa5 36. Kd4 Ka4 37. Nc4 Kb3 38. Ne3 Bf3 39. c4 Kb4 40.
Nc2+ Ka4 41. Kc5 g5 42. Nd4 g4 43. Nf5 h5 44. Kd4 Kb4 45. Nd6 h4 46. Nf5 g3 47.
hxg3 h3 48. g4 h2 49. Ng3 h1=Q 50. Nxh1 Bxh1 51. f5 Bf3 0-1

[Event "48th Groningen Open A"]
[Site "Groningen NED"]
[Date "2011.12.28"]
[Round "7.16"]
[White "Georgiadis, Nico"]
[Black "Maatman, Nick"]
[Result "1/2-1/2"]
[WhiteTitle "FM"]
[WhiteElo "2316"]
[BlackElo "2029"]
[WhiteFideId "1300113"]
[BlackFideId "1040391"]
[EventDate "2011.12.21"]

1. e4 e6 2. d4 d5 3. Nc3 Bb4 4. e5 c5 5. a3 Bxc3+ 6. bxc3 Ne7 7. Qg4 cxd4 8. Bd3
Qc7 9. Ne2 dxc3 10. Qxg7 Rg8 11. Qxh7 Qxe5 12. Bf4 Qf6 13. h4 Nbc6 14. Bg5 Qe5
15. Qh6 d4 16. Qf6 Qxf6 17. Bxf6 Nd5 18. Bxd4 Nxd4 19. Nxd4 Rxg2 20. Be4 Rg4 21.
f3 Rg2 22. Bxd5 exd5 23. O-O-O Bd7 24. h5 Kf8 25. h6 Kg8 26. Rh5 Be6 27. f4 Kh7
28. Re5 Bg4 29. Rf1 Rd8 30. Re3 Kxh6 31. Rxc3 Rd7 32. Rc8 Kg7 33. Rc3 Kf6 34. f5
Ke5 35. Rd3 a6 36. Re1+ Kd6 37. Rd2 Rg3 38. Kb2 Rc7 39. Re8 Rc4 40. Rd8+ Ke5 41.
Nb3 Bf3 42. Rd7 f6 43. Rd3 Rg2 44. Nd2 Be4 45. Nxc4+ dxc4 46. Rd2 Rg3 47. Re7+
Kxf5 48. Rf2+ Rf3 49. Rxf3+ Bxf3 50. Kc3 Bc6 51. Kxc4 Kf4 52. Kd3 f5 53. Ke2 Kg5
54. Rf7 f4 55. Kf2 Kg4 56. Rf8 Kg5 1/2-1/2

[Event "48th Groningen Open A"]
[Site "Groningen NED"]
[Date "2011.12.28"]
[Round "7.18"]
[White "Bijlsma, Nick"]
[Black "Thakur, Akash"]
[Result "0-1"]
[WhiteElo "2150"]
[BlackElo "2324"]
[WhiteFideId "1007041"]
[BlackFideId "5008514"]
[EventDate "2011.12.21"]

1. e4 e5 2. Nf3 Nc6 3. Bb5 a6 4. Ba4 Nf6 5. Qe2 b5 6. Bb3 Be7 7. O-O O-O 8. c3
d5 9. d3 Re8 10. Re1 Bb7 11. Nbd2 Bf8 12. a3 h6 13. exd5 Nxd5 14. Ne4 Nf4 15.
Bxf4 exf4 16. Nfg5 Ne5 17. Qh5 Bd5 18. Bxd5 Qxd5 19. Qxh6 gxh6 20. Nf6+ Kg7 21.
Nxd5 Nxd3 22. Rxe8 Rxe8 23. Nf3 Nxb2 24. Nxc7 Rc8 25. Nxa6 Na4 26. Rb1 Nxc3 27.
Rb3 Bxa3 28. g3 Bc5 29. Nxc5 Rxc5 30. Nd4 fxg3 31. hxg3 Kf6 32. Kg2 Ke5 33. Nc2
Ke4 34. Ne3 Kd4 35. Kf3 Nd5 36. Nf5+ Kc4 37. Rb1 Rc6 38. Rc1+ Nc3 39. Ne3+ Kb3
40. Nd5 b4 41. Nxb4 Kxb4 42. Kg4 Rf6 43. f4 Rg6+ 44. Kf5 Ne2 45. Rb1+ Kc4 46.
Ra1 Nxg3+ 47. Ke5 Re6# 0-1

[Event "48th Groningen Open A"]
[Site "Groningen NED"]
[Date "2011.12.28"]
[Round "7.19"]
[White "Meng, Roger"]
[Black "Anurag, Mhamal"]
[Result "1-0"]
[WhiteElo "2283"]
[BlackElo "2222"]
[WhiteFideId "1000152"]
[BlackFideId "5024366"]
[EventDate "2011.12.21"]

1. e4 c5 2. Nc3 a6 3. g3 b5 4. Bg2 Bb7 5. Nge2 e6 6. d4 b4 7. Na4 cxd4 8. Nxd4
Nf6 9. Qe2 Qa5 10. b3 d5 11. e5 Ne4 12. O-O Nc6 13. Nf3 Rc8 14. Bb2 Be7 15. h4
h6 16. Nh2 Qc7 17. Rac1 Nxe5 18. c4 bxc3 19. Nxc3 Nxc3 20. Bxc3 Bf6 21. Rfe1 Nd7
22. Bxf6 Qxc1 23. Bxg7 Rg8 24. Rxc1 Rxc1+ 25. Nf1 Rxg7 26. Qb2 Rxf1+ 27. Bxf1 e5
28. Qc1 Rg6 29. Qc7 Bc6 30. Bxa6 1-0

[Event "48th Groningen Open A"]
[Site "Groningen NED"]
[Date "2011.12.28"]
[Round "7.20"]
[White "Vogel, Jaap"]
[Black "Nuri, Kambez"]
[Result "0-1"]
[WhiteTitle "FM"]
[BlackTitle "FM"]
[WhiteElo "2169"]
[BlackElo "2256"]
[WhiteFideId "1000764"]
[BlackFideId "1311433"]
[EventDate "2011.12.21"]

1. d4 Nf6 2. Nf3 e6 3. c4 d5 4. g3 Bb4+ 5. Bd2 Be7 6. Nc3 O-O 7. Bg2 c6 8. O-O
Nbd7 9. Bf4 dxc4 10. a4 Nd5 11. Qc2 Nxf4 12. gxf4 Qc7 13. e3 Rb8 14. Ne4 b5 15.
Rfc1 Nb6 16. b3 cxb3 17. Qxb3 bxa4 18. Qc2 f6 19. Nc5 Bxc5 20. dxc5 Nd5 21. Rxa4
e5 22. fxe5 fxe5 23. Ng5 Bf5 24. e4 Qe7 25. h4 h6 26. Nf3 Bg4 27. Nh2 Nf6 28.
Qa2+ Rf7 29. Ra6 Rc8 30. Qd2 Rd8 31. Qa5 Rc8 32. Qd2 Rc7 33. Qd6 Qe8 34. Qd2 Bc8
35. Ra3 Nh5 36. Bf1 Be6 37. Rf3 Rxf3 38. Nxf3 Rd7 39. Qc3 Qg6+ 40. Kh1 Qxe4 41.
Bg2 Qf4 42. Re1 e4 43. Qe5 exf3 44. Qxe6+ Rf7 45. Bh3 Qxh4 46. Qg4 Qxg4 47. Bxg4
Nf4 48. Re3 Nd5 49. Rd3 Kf8 50. Bxf3 Rf5 51. Ra3 Nb4 52. Kg1 a5 53. Rc3 Ke7 54.
Kg2 Kf6 55. Rc4 Nd3 56. Bxc6 Ne1+ 0-1

[Event "48th Groningen Open A"]
[Site "Groningen NED"]
[Date "2011.12.28"]
[Round "7.21"]
[White "Van Overdam, Julian"]
[Black "Maris, Ivo"]
[Result "1-0"]
[WhiteElo "2244"]
[BlackElo "2022"]
[WhiteFideId "1015303"]
[BlackFideId "1028146"]
[EventDate "2011.12.21"]

1. e4 c5 2. Nc3 e6 3. f4 Nc6 4. Nf3 d5 5. Bb5 Ne7 6. exd5 exd5 7. Qe2 f6 8.
Bxc6+ bxc6 9. b3 Kf7 10. O-O Nf5 11. Qf2 c4 12. bxc4 Qa5 13. Bb2 Rb8 14. Nd1 Qc5
15. d4 Qxc4 16. g4 Nh6 17. h3 Ba6 18. Re1 Bb4 19. c3 Bd6 20. Ne5+ Bxe5 21. fxe5
Rhf8 22. g5 Ng8 23. Ne3 Qd3 24. Ba3 Rfe8 25. Nf5 Kg6 26. Nd6 Rf8 27. gxf6 Kh5
28. Re3 1-0

[Event "48th Groningen Open A"]
[Site "Groningen NED"]
[Date "2011.12.28"]
[Round "7.22"]
[White "Kerigan, Demre"]
[Black "Afek, Yochanan"]
[Result "1-0"]
[BlackTitle "IM"]
[WhiteElo "2192"]
[BlackElo "2301"]
[WhiteFideId "6307841"]
[BlackFideId "2800462"]
[EventDate "2011.12.21"]

1. e4 c5 2. Nf3 Nc6 3. d4 cxd4 4. Nxd4 g6 5. c4 Bg7 6. Be3 Nf6 7. Nc3 O-O 8. Be2
d6 9. O-O Bd7 10. Re1 Qa5 11. Nb3 Qd8 12. Nd4 a6 13. Qd2 Qb8 14. f3 Rc8 15. Rec1
b5 16. Nxc6 Bxc6 17. cxb5 Bxb5 18. Nxb5 Rxc1+ 19. Rxc1 axb5 20. a3 Ne8 21. Rc6
Nc7 22. Rb6 Qe8 23. Qc1 Qd8 24. Bxb5 d5 25. Bd3 d4 26. Bd2 Nd5 27. Rc6 Ne3 28.
Ba6 e6 29. b3 Qg5 30. Rc8+ Rxc8 31. Qxc8+ Bf8 32. Bf1 Kg7 33. Qc7 Bxa3 34. b4
Qf6 35. Qa5 Bb2 36. Qc5 Nxf1 37. Bg5 1-0

[Event "48th Groningen Open A"]
[Site "Groningen NED"]
[Date "2011.12.28"]
[Round "7.23"]
[White "Theulings, Paul-Peter"]
[Black "Pel, Bonno"]
[Result "0-1"]
[WhiteTitle "CM"]
[BlackTitle "FM"]
[WhiteElo "2128"]
[BlackElo "2292"]
[WhiteFideId "1002899"]
[BlackFideId "1004760"]
[EventDate "2011.12.21"]

1. Nf3 g6 2. d4 Bg7 3. c4 d6 4. g3 e5 5. Nc3 Nc6 6. dxe5 Nxe5 7. Nxe5 Bxe5 8.
Bg2 c6 9. O-O Be6 10. Qd3 Qb6 11. Bd2 Ne7 12. e4 O-O 13. b3 f5 14. exf5 Bxf5 15.
Qe2 Rae8 16. Rac1 Bd4 17. Bh6 Rf7 18. Qd2 Be5 19. Be3 Qc7 20. f4 Bg7 21. Rfd1
Nc8 22. Re1 Rfe7 23. Bf2 Qa5 24. Rxe7 Rxe7 25. Bd4 Bxd4+ 26. Qxd4 Qa3 27. Qd2
Kf7 28. Re1 Qc5+ 29. Kh1 Rxe1+ 30. Qxe1 Qd4 31. h3 h5 32. Ne4 Bxe4 33. Qxe4 Qf2
34. Qf3 Qxa2 35. g4 hxg4 36. hxg4 Ne7 37. Qc3 Qf2 38. Bf3 Ke8 39. Qd3 Kd7 40. f5
gxf5 41. gxf5 Qh4+ 42. Kg2 Qg5+ 43. Kf2 Nxf5 44. Ke2 Qf4 0-1

[Event "48th Groningen Open A"]
[Site "Groningen NED"]
[Date "2011.12.28"]
[Round "7.24"]
[White "Rietveld, Renze"]
[Black "Dehn, Marcus"]
[Result "1-0"]
[WhiteElo "2264"]
[BlackElo "2134"]
[WhiteFideId "1013998"]
[BlackFideId "4667093"]
[EventDate "2011.12.21"]

1. e4 g6 2. d4 c6 3. Nc3 d5 4. Nf3 Bg4 5. Be2 Bg7 6. e5 f6 7. exf6 exf6 8. O-O
Nh6 9. a4 a5 10. Ra3 O-O 11. Bf4 Nf7 12. Rb3 Ra7 13. Ne1 Bxe2 14. Nxe2 Nd7 15.
Nd3 Re8 16. Re1 Nf8 17. Bg3 Ne6 18. c3 b6 19. Nef4 Rae7 20. Nxe6 Rxe6 21. Rxe6
Rxe6 22. h3 Bf8 23. Qc2 Nd6 24. Bxd6 Bxd6 25. c4 Qe7 26. Kf1 Bb4 27. g3 dxc4 28.
Qxc4 Kg7 29. Kg2 c5 30. dxc5 Re4 31. Qd5 bxc5 32. Nf4 Re1 33. Rd3 Kh6 34. h4 f5
35. h5 c4 36. Qxc4 Qe4+ 37. Qxe4 fxe4 38. Rd5 g5 39. Ne6 Re2 40. g4 e3 41. Rf5
Be7 42. Rf7 Rxf2+ 43. Rxf2 exf2 44. Kxf2 Bb4 45. Kf3 Be1 46. Ke4 Bb4 47. Kf5 Bd2
48. Kf6 Bc1 49. b3 Bb2+ 50. Kf7 Bd4 51. Nd8 Bf6 52. Nc6 1-0

[Event "48th Groningen Open A"]
[Site "Groningen NED"]
[Date "2011.12.28"]
[Round "7.25"]
[White "Meurs, Tom"]
[Black "Kappus, Stephan"]
[Result "1-0"]
[WhiteElo "2247"]
[BlackElo "2093"]
[WhiteFideId "1021176"]
[BlackFideId "12906875"]
[EventDate "2011.12.21"]

1. e4 c5 2. Nf3 a6 3. c3 d5 4. exd5 Qxd5 5. d4 Bg4 6. Be2 Nf6 7. O-O e6 8. Be3
cxd4 9. cxd4 Be7 10. Nc3 Qd8 11. Qb3 b5 12. h3 Bf5 13. Ne5 Nd5 14. Bf3 Nxe3 15.
fxe3 Ra7 16. Bh5 O-O 17. Nxf7 Qb6 18. Rxf5 g6 19. Nh6+ Kg7 20. Rxf8 Bxf8 21.
Bxg6 Kxh6 22. Rf1 Be7 23. Bb1 Bg5 24. Ne4 Rg7 25. Qd3 Nd7 26. Nxg5 Kxg5 27. Qe4 1-0

[Event "48th Groningen Open A"]
[Site "Groningen NED"]
[Date "2011.12.28"]
[Round "7.26"]
[White "Sparenberg, Erik"]
[Black "Van Overdam, Jan"]
[Result "1/2-1/2"]
[WhiteElo "2162"]
[BlackElo "2069"]
[WhiteFideId "1013262"]
[BlackFideId "1022741"]
[EventDate "2011.12.21"]

1. e4 c5 2. Nf3 g6 3. c4 Nc6 4. Nc3 Bg7 5. d3 d6 6. Be2 Bg4 7. O-O e6 8. Be3
Nge7 9. Qd2 O-O 10. Rab1 Bxf3 11. Bxf3 f5 12. Bg5 Nd4 13. Bd1 Qd7 14. a3 a6 15.
b4 b6 16. bxc5 bxc5 17. Ba4 Qc7 18. Bxe7 Qxe7 19. Rfe1 Qc7 20. exf5 gxf5 21. Ne2
Nxe2+ 22. Qxe2 Be5 23. Kh1 Rf6 24. f4 Bd4 25. Qf3 Rb8 26. Qc6 Rxb1 27. Qe8+ Kg7
28. Rxb1 Qa5 29. Bd7 Qd2 30. Bxe6 Kh6 31. Bf7 Qxf4 32. Qf8+ 1/2-1/2

[Event "48th Groningen Open A"]
[Site "Groningen NED"]
[Date "2011.12.29"]
[Round "8.3"]
[White "Zherebukh, Yaroslav"]
[Black "Michiels, Bart"]
[Result "1/2-1/2"]
[WhiteTitle "GM"]
[BlackTitle "IM"]
[WhiteElo "2594"]
[BlackElo "2492"]
[WhiteFideId "14116804"]
[BlackFideId "202967"]
[EventDate "2011.12.21"]

1. d4 d5 2. c4 c6 3. Nf3 Nf6 4. Nc3 e6 5. Bg5 Nbd7 6. cxd5 exd5 7. e3 Be7 8. Bd3
O-O 9. Qc2 Re8 10. O-O Nf8 11. Rae1 Ne4 12. Bf4 Bf5 13. a3 Bd6 14. Bxd6 Qxd6 15.
Nh4 Bd7 16. Bxe4 dxe4 17. f4 Qe7 18. Qf2 f5 19. g4 fxg4 20. f5 Bc8 21. f6 gxf6
22. Qxf6 Qxf6 23. Rxf6 Nd7 24. Rf5 Nb6 25. Rg5+ Kh8 26. Rf1 Be6 27. Nxe4 Rf8 28.
Re5 Rxf1+ 29. Kxf1 Rf8+ 30. Ke1 Bd5 31. Ng5 Rg8 32. e4 Nc4 33. Rf5 Bxe4 34. Nxe4
Re8 35. Ke2 Nd6 36. Rf8+ Rxf8 37. Nxd6 Kg7 38. b4 b6 39. a4 Kf6 40. Nc4 Ke6 41.
Ne3 a5 42. bxa5 bxa5 43. Nhg2 h5 44. Nc4 h4 45. Nxh4 Rh8 46. Ng2 Rxh2 47. Kf2
Kd5 48. Nxa5 1/2-1/2

[Event "48th Groningen Open A"]
[Site "Groningen NED"]
[Date "2011.12.29"]
[Round "8.4"]
[White "Romanov, Evgeny"]
[Black "Plat, Vojtech"]
[Result "1-0"]
[WhiteTitle "GM"]
[BlackTitle "IM"]
[WhiteElo "2627"]
[BlackElo "2425"]
[WhiteFideId "4148843"]
[BlackFideId "325740"]
[EventDate "2011.12.21"]

1. g3 c5 2. Bg2 e6 3. c4 Nf6 4. Nf3 Be7 5. O-O Qc7 6. Nc3 a6 7. d4 cxd4 8. Qxd4
d6 9. Rd1 O-O 10. Bg5 Nc6 11. Qf4 Ne5 12. Rac1 h6 13. Bxf6 Bxf6 14. b3 Nxf3+ 15.
Qxf3 Rb8 16. Rc2 b5 17. Ne4 Be7 18. Qd3 Rd8 19. cxb5 Qa5 20. bxa6 d5 21. Qc3 Bb4
22. Qd4 Bxa6 23. Nc5 e5 24. Qe3 Rbc8 25. Nxa6 Rxc2 26. Nxb4 Qxb4 27. Bxd5 Kh8
28. Qxe5 Rxa2 29. Kg2 Qb6 30. Rd3 Ra5 31. Qe4 Ra7 32. Rf3 Kg8 33. h4 Qc5 34. Rf5
Qd6 35. h5 Re7 36. Qf3 Rdd7 37. Bc4 Qc7 38. Qa8+ Rd8 39. Qf3 Rdd7 40. e3 Rd2 41.
e4 Rdd7 42. Bd5 Qd6 43. Qc3 Rc7 44. Qd4 Kh7 45. e5 Qc5 46. Qe4 Kh8 47. e6 f6 48.
Rf3 Qd6 49. b4 Qb6 50. Ra3 Rc8 51. Qf5 Qb5 52. Ra5 Qe8 53. Be4 Qg8 54. Ra6 Rce8
55. b5 Rb8 56. Rd6 g6 57. hxg6 Kg7 58. b6 Qf8 59. Qd5 Qe8 60. Qb3 Qc8 61. Bc6
Kxg6 62. Qf3 f5 63. b7 Rbxb7 64. Bxb7 Qxb7 65. Qxb7 Rxb7 66. e7+ Kf7 67. Rxh6
Rb8 68. Rh7+ Kf6 69. Kf3 Re8 70. Rh6+ Kxe7 71. Kf4 Ra8 72. Rh5 Kf6 73. Rxf5+ Kg6
74. Kg4 1-0

[Event "48th Groningen Open A"]
[Site "Groningen NED"]
[Date "2011.12.29"]
[Round "8.6"]
[White "Hoffmann, Michael1"]
[Black "Durarbeyli, Vasif"]
[Result "1/2-1/2"]
[WhiteTitle "GM"]
[BlackTitle "GM"]
[WhiteElo "2499"]
[BlackElo "2539"]
[WhiteFideId "4601297"]
[BlackFideId "13402935"]
[EventDate "2011.12.21"]

1. d4 Nf6 2. c4 e6 3. Nc3 Bb4 4. Qc2 d5 5. cxd5 exd5 6. Bg5 h6 7. Bxf6 Qxf6 8.
a3 Bxc3+ 9. Qxc3 Nc6 10. e3 O-O 11. Nf3 Re8 12. Be2 Bg4 13. O-O Qd6 14. Rfc1
Rac8 15. Qc5 Qd8 16. b4 Re6 17. Ra2 a6 18. Ne1 Bxe2 19. Rxe2 Ne7 20. Qa5 Nc6 21.
Qc5 Ne7 22. Rec2 Nf5 23. b5 axb5 24. Qxb5 b6 25. Nd3 Ne7 26. Nb4 Rd6 27. g3 h5
28. a4 c5 29. dxc5 1/2-1/2

[Event "48th Groningen Open A"]
[Site "Groningen NED"]
[Date "2011.12.29"]
[Round "8.7"]
[White "Bok, Benjamin"]
[Black "Poetsch, Hagen"]
[Result "1-0"]
[WhiteTitle "IM"]
[BlackTitle "IM"]
[WhiteElo "2513"]
[BlackElo "2408"]
[WhiteFideId "1017063"]
[BlackFideId "24615137"]
[EventDate "2011.12.21"]

1. e4 c5 2. Nf3 d6 3. d4 cxd4 4. Nxd4 Nf6 5. Nc3 a6 6. Be3 e5 7. Nf3 Qc7 8. a4
Be7 9. Be2 Nbd7 10. a5 Nc5 11. Nd2 Be6 12. O-O O-O 13. Bf3 Rac8 14. Qe2 Qc6 15.
Rfd1 Rfd8 16. Bg5 Ncd7 17. Nf1 h6 18. Bxf6 Nxf6 19. Ne3 Qc4 20. Qd2 Nd7 21. Ncd5
Bg5 22. Qe2 Kf8 23. c3 Bxe3 24. Nxe3 Nf6 25. Rdc1 d5 26. b4 Qb5 27. Qxb5 axb5
28. exd5 Nxd5 29. Rd1 Nxe3 30. Rxd8+ Rxd8 31. fxe3 Rd7 32. Be2 Rc7 33. Bxb5 Rxc3
34. Bf1 Rxe3 35. b5 Ke7 36. a6 bxa6 37. bxa6 Bd5 38. a7 Ba8 39. Rc1 Ra3 40. Rc7+
Kd6 41. Rxf7 e4 42. Rxg7 e3 43. Rg6+ Kc5 44. Ra6 Rxa6 45. Bxa6 Kb6 46. Be2 Kxa7
47. Bf3 Bb7 48. Bxb7 Kxb7 49. Kf1 Kc6 50. Ke2 Kd5 51. Kxe3 Ke5 52. Kf3 Kf5 53.
h3 Kg5 54. Ke4 Kh4 55. Kf4 h5 56. g4 hxg4 57. hxg4 1-0

[Event "48th Groningen Open A"]
[Site "Groningen NED"]
[Date "2011.12.29"]
[Round "8.9"]
[White "Thesing, Matthias"]
[Black "Ernst, Sipke"]
[Result "0-1"]
[WhiteTitle "IM"]
[BlackTitle "GM"]
[WhiteElo "2409"]
[BlackElo "2593"]
[WhiteFideId "4600720"]
[BlackFideId "1004689"]
[EventDate "2011.12.21"]

1. Nf3 Nf6 2. d4 e6 3. Bg5 h6 4. Bxf6 Qxf6 5. Nbd2 d6 6. c3 Nd7 7. g3 g6 8. Bg2
Bg7 9. O-O O-O 10. a4 a5 11. Nc4 Qe7 12. e4 b6 13. Re1 Ba6 14. Bf1 Kh8 15. e5 d5
16. Ne3 Bxf1 17. Rxf1 c5 18. Qd3 Rac8 19. h4 Rc7 20. h5 g5 21. Nh2 f6 22. f4 g4
23. c4 cxd4 24. cxd5 Nxe5 25. fxe5 dxe3 26. d6 Qd7 27. Nxg4 Rc5 28. Qxe3 fxe5
29. Rxf8+ Bxf8 30. Rc1 Qxa4 31. Rxc5 bxc5 32. Qd2 Qd4+ 33. Qxd4 cxd4 0-1

[Event "48th Groningen Open A"]
[Site "Groningen NED"]
[Date "2011.12.29"]
[Round "8.11"]
[White "Van Assendelft, Floris"]
[Black "Pijpers, Arthur"]
[Result "0-1"]
[WhiteTitle "FM"]
[WhiteElo "2357"]
[BlackElo "2332"]
[WhiteFideId "1010271"]
[BlackFideId "1019554"]
[EventDate "2011.12.21"]

1. e4 c5 2. Nf3 g6 3. d4 cxd4 4. Nxd4 Nf6 5. Nc3 d6 6. Be2 Bg7 7. O-O Nc6 8. Nb3
O-O 9. Re1 b6 10. Nd5 Bb7 11. Bf1 Rc8 12. Bg5 Nd7 13. c3 Nc5 14. Nd4 Re8 15. Rc1
h6 16. Bh4 a6 17. b4 Nxd4 18. bxc5 Bxd5 19. cxd4 Bb7 20. Qb3 Bxd4 21. Bc4 Rf8
22. cxb6 g5 23. Bg3 Qxb6 24. Qd3 Bg7 25. Rb1 Qa5 26. Rec1 Ba8 27. h4 gxh4 28.
Bxh4 Qe5 29. Re1 a5 30. Bd5 Bf6 31. Bxf6 Qxf6 32. Bxa8 Rxa8 33. Rb5 Kh8 34. g3
a4 35. Kg2 Rg8 36. Rf5 Qe6 37. Qd5 Kg7 38. Qd4+ Kh7 39. a3 Rg6 40. Rb1 Rg4 41.
Rbb5 Qxe4+ 42. Qxe4 Rxe4 43. Kf3 Re1 44. Rxf7+ Kg6 45. Rf4 Ra1 46. Rg4+ Kf7 47.
Rf4+ Ke8 48. Rb7 Rxa3+ 49. Kg2 Ra5 50. Re4 Re5 51. Rxe5 dxe5 52. Rb6 e4 53. Rxh6
e3 54. f4 e2 55. Re6 Ra2 56. Kf2 a3 57. Ra6 Ra1 58. Kxe2 a2 0-1